banner-ar

THE COLLECTED STORIES / (Record no. 6467)

MARC details
000 -الفاتح
حقل البيانات ثابتة الطول 00681nam a2200241Ia 4500
008 - عناصر البيانات ثابتة الطول - معلومات عامة
حقل البيانات ثابتة الطول 140319s9999 xx 000 0 eng d
020 ## - الرقم الدولى المعيارى للكتب
الرقم الدولى المعيارى للكتاب 1857152514
040 ## - مصدر الفهرسة
وكالة الفهرسة الأصلية GCL /
وكالة النسخ GCL
082 04 - رقم تصنيف ديوى العشرى
رقم التصنيف 891.7
رقم المادة P C
100 1# - المدخل الرئيسى - إسم شخصى
الإسم الشخصى PUSHKIN, ALEXANDER
245 10 - بيان العنوان
العنوان THE COLLECTED STORIES /
بيان المسئوليه,etc PUSHKIN, ALEXANDER
700 1# - المدخل الاضافى - اسم شخصى
الإسم الشخصى DEBREZENY, PAUL
700 1# - المدخل الاضافى - اسم شخصى
الإسم الشخصى BAYLEY, JOHN
700 1# - المدخل الاضافى - اسم شخصى
الإسم الشخصى ARNDI, WALTER
260 ## - PUBLICATION, DISTRIBUTION, ETC. (IMPRINT)
تاريخ النشر أو التوزيع 1999
300 ## - الوصف المادى
التعداد 21 CM ؛
أبعاد الوعاء IV, 548 P
490 ## - بيان السلسلة
عنوان السلسلة THE MILLENNIUM LIBRARY
رقم المجلد/ التعيين التسلسلي 251
650 04 - المدخل الاضافى بالموضوع-مصطلح موضوعى
مصطلح موضوعي LITERATURE
650 04 - المدخل الاضافى بالموضوع-مصطلح موضوعى
مصطلح موضوعي RUSSIAN LITERATURE - TRANSLATION INTO ENGLISH
650 04 - المدخل الاضافى بالموضوع-مصطلح موضوعى
مصطلح موضوعي RUSSIAN FICTION
942 ## - عناصر المدخل الإضافي( كوها)
مصدر التصنيف او مخطط الترفيف Dewey Decimal Classification
Koha [default] item type كتاب
260 ## - PUBLICATION, DISTRIBUTION, ETC. (IMPRINT)
-- انجلترا :
-- EVERYMAN'S LIBRARY ،
Holdings
حالة التراجع حالة الفقد حالة تلف ليس للاعارة المكان المؤقت الموقع الحالى تاريخ الاكتساب اجمالي اﻻعارات رقم الطلب الباركود تاريخ اخر مشاهدة تاريخ تفعيل السعر نوع وعاء كوها
        مكتبة القاهرة الكبرى مكتبة القاهرة الكبرى 03/26/2014   891.7\P C 13643 03/26/2014 03/26/2014 كتاب
        مكتبة القاهرة الكبرى مكتبة القاهرة الكبرى 03/26/2014   891.7\P C 13644 03/26/2014 03/26/2014 كتاب

Powered By

EGPV